ARTISTAS ESPAÑOLES - Estadísticas

Estadísticas generales
  • Esta prueba ha sido intentada 227 veces
  • La puntuación promedio es 14 de 40
Estadísticas de respuestas
Hint Respuesta % Correcto
Escribió "El Quijote" Miguel de Cervantes
87%
Pintó "Las Meninas" Diego Velázquez
85%
Pintó "El Guernica" Pablo Picasso
83%
Pintó "Los fusilamientos del 3 de mayo" Francisco de Goya
79%
Director de cine ("Mujeres al borde de un ataque de nervios", "Volver"...) Pedro Almodovar
75%
Pintor surrealista ("El gran masturbador") Salvador Dalí
74%
Cantaora, bailaora y actriz apodada "La Faraona" Lola Flores
64%
Arquitecto modernista (Casa Batlló) Antonio Gaudí
63%
Actriz ("Volver", "Blow", "Todo sobre mi madre"...) Penelope Cruz
55%
Escritor madrileño del Siglo de Oro Francisco de Quevedo
50%
Cantante de óperas Plácido Domingo
46%
Poetisa del Romanticismo Rosalia de Castro
44%
Pintó "Paseo por la playa" en 1909 Joaquín Sorolla
43%
Escribió "El perro del hortelano" Lope de Vega
43%
Cantaor Camaron
42%
Poeta y dramaturgo cordobés del Siglo de Oro Luis de Góngora
41%
Arquitecto valenciano (Ciudad de las Artes y las Ciencias" Santiago Calatrava
35%
Director de cine ("Viridiana"...) Luis Buñuel
33%
Pintor surrealista ("La masía") Joan Miró
31%
Compuso "El sombrero de tres picos" Manuel de Falla
30%
Cantante de óperas Montserrat Caballé
29%
Escribió "El alcalde de Zalamea" Calderón de la Barca
27%
Poeta de la Generación del 27 Rafael Alberti
27%
Escultor donostiarra Eduardo Chillida
26%
Poeta del Romanticismo Gustavo Adolfo Becquet
25%
Pintor del Barroco ("San Juan de Dios" 1672) Bartolomé Esteban Murillo
24%
Escribió "El estudiante de Salamanca" Jose de Espronceda
20%
Actor y director de cine ("La ley del deseo", "Altamira", "Bajarse al moro"...) Antonio Banderas
17%
Pintó "Agnus Dei" entre el 1635 y el 1640 Francisco Zurbarán
17%
Director de cine ("Sevillanas", "Iberia", "Fados"...) Carlos Saura
12%
Compositor ("1ª y2ª suites españolas!, "Iberia"...) Isaac Albéniz
12%
Arquitecto navarro (El Kursaal) Rafael Moneo
12%
Compositor ("Danzas españolas", "Goyescas"...) Enrique Granados
11%
Coreógrafo ("Duende", "Arenal", "Jardi Tancat"...) Nacho Duato
10%
Filósofo y escritor de la Generación del 27 Dámaso Alonso
5%
Bailaor Antonio Gades
4%
Compositor de zarzuelas ("Agua, azucarillos y aguardiente"...) Fernando Chueca
4%
Coreógrafo y maestro de danza Víctor Ullate
4%
Bailarina. Premio Principe de Asturias Tamara Rojo
2%
Compuso "Serenata andaluza" Pablo Sarasate
1%
No se encontraron pruebas coincidentes
Distribución de puntuación
Porcentaje de gente con cada puntuación
Porcentaje por número respondido
Historial de tus puntuaciones
No has intentado esta prueba.